Представление документа в формате RUSMARC

ПолеНазваниеЗначение
  Тип записи a
  Библиографический уровень m
001 Контрольный номер RU/SLIB/B/208730154
005 Дата корректировки 20201206204021.8
010 Индекс ISBN __
a ISBN 5-274-01098-9
d Цена 35-00
101 Язык документа __
a Язык текста rus
c Язык оригинала rus
200 Заглавие и сведения об ответственности 0_
a Заглавие Строительство сооружений на заторфованных территориях
f Первые сведения об ответственности П. А. Коновалов
b Общее обозначение материала Текст
210 Выходные данные __
a Место издания М.
c Издательство Стройиздат
d Дата издания 1995
215 Физическое описание __
a Объем 344 с.
c Иллюстрации/тип воспроизводства ил.
320 Библиография __
a Библиография Библиогр.: с. 332-335
330 Аннотация __
a Аннотация Впервые рассмотрен весь процесс освоения заторфованных территорий для возведения на них гражданских и промышленных сооружений. Даны результаты натурных исследований стабилизации недренированных и дренированных различными приемами дрен оснований. Для инженерно-технических работников научно-исследовательских и проектных организаций.
606 Тематические рубрики __
a Основная рубрика Строительство
606 Тематические рубрики __
a Основная рубрика Виды строительства в целом
610 Ключевые слова __
a Ключевые слова торф; дрен; заторфованная территория; фундаменты; застройки; исследования; деформации; здания; сооружения; осадки; грунты; консолидация
686 Индексы других классификаций __
a Классификационный индекс 38.79
700 Автор _1
a Фамилия Коновалов
b Имя П. А.
4 Код отношения 070
801 Источник записи _0
a Страна RU
b Организация Муниципальное бюджетное учреждение культуры "Централизованная библиотечная система" г. Сургут (Центральная городская библиотека им. А. С. Пушкина)
g Правила каталогизации КиК/Поспелова
801 Источник записи _1
a Страна RU
b Организация Муниципальное бюджетное учреждение культуры "Централизованная библиотечная система" г. Сургут (Центральная городская библиотека им. А. С. Пушкина)
g Правила каталогизации КиК/Поспелова
852 Данные о местонахождении __
j Шифр хранения 38.79
c Каталожный индекс 38.79
i Авторский знак К 64
901 Тип документа __
t Тип документа m
903 Характеристики (МАРС) __
a Дата передачи 20021014
990 Данные о заказе (DOS) __
j Количество экземпляров (DOS) 2
t N записи в КСУ для И/У (DOS) 200210